000 00704nam a2200265Ia 4500
003 OSt
005 20220918163455.0
006 a|||||r|||| 00| 0
007 ta
008 220917b |||||||| |||| 00| 0 eng d
020 _a0030899672
024 _a26,634
037 _cTextual
040 _aARTS
_cARTS
_beng
041 _2eng
_aeng
082 _aO111,5x, L7
100 _aBarrett Harold
_913327
245 0 _aPractical uses of speech communication
250 _a4th ed.
260 _aN York
_bRinehart and WSinston USA
_c1977
300 _aviii, 303p.
_ccm.
650 _aENGLISH LITERATURE
942 _hO111,5x, L7
_cTEXL
_2CC
999 _c119761
_d119761